Xây dựng Việt Nam

Đã lưu trong:
Bibliografiske detaljer
Format: Bog
Sprog:Undetermined
Udgivet: Hà Nội Bộ Xây dựng 2020
Fag:
Tags: Tilføj Tag
Ingen Tags, Vær først til at tagge denne postø!
Thư viện lưu trữ: Trung tâm Học liệu Trường Đại học Cần Thơ
LEADER 00527nam a2200193Ia 4500
001 CTU_236505
008 210402s9999 xx 000 0 und d
020 |c 35000 
082 |a 624 
082 |b X126 
245 0 |a Xây dựng Việt Nam 
245 0 |c Bộ Xây dựng 
260 |a Hà Nội 
260 |b Bộ Xây dựng 
260 |c 2020 
650 |a Civil engineering,Công trình dân dụng 
904 |2 24st ed. 
904 |i Trang 
980 |a Trung tâm Học liệu Trường Đại học Cần Thơ